Normal view
MARC view
- MENSURATION MEASURING INSTRUMENTS DIMENSIONAL MEASUREMENT
Entry Topical Term
001 - CONTROL NUMBER
- control field: 56137
003 - CONTROL NUMBER IDENTIFIER
- control field: NUST
005 - DATE AND TIME OF LATEST TRANSACTION
- control field: 20210628201636.0
008 - FIXED-LENGTH DATA ELEMENTS
- fixed length control field: 210628|| aca||aabn | a|a d
040 ## - CATALOGING SOURCE
- Original cataloging agency: NUST
- Transcribing agency: NUST
150 ## - HEADING--TOPICAL TERM
- Topical term or geographic name entry element: MENSURATION MEASURING INSTRUMENTS DIMENSIONAL MEASUREMENT
670 ## - SOURCE DATA FOUND
- Source citation: Work cat.: (NUST): Curtis, Mark.A Farago, Francis.T 56136, Handbook of dimensional measurement, 1994
